Field methods in remote sensing (Record no. 104011)
[ view plain ]
| 000 -LEADER | |
|---|---|
| fixed length control field | 01202cam a2200229 4500 |
| 001 - CONTROL NUMBER | |
| control field | L128768 |
| 008 - FIXED-LENGTH DATA ELEMENTS--GENERAL INFORMATION | |
| fixed length control field | 050214n2005 000 0 eng u |
| 020 ## - INTERNATIONAL STANDARD BOOK NUMBER | |
| International Standard Book Number | 1593850794 |
| 035 ## - SYSTEM CONTROL NUMBER | |
| System control number | (Sirsi) u128768 |
| 041 ## - LANGUAGE CODE | |
| Language code of text/sound track or separate title | eng |
| 050 ## - LIBRARY OF CONGRESS CALL NUMBER | |
| Classification number | 526.982 |
| -- | 18 |
| 100 ## - MAIN ENTRY--PERSONAL NAME | |
| Personal name | McCoy, Roger M. |
| 245 ## - TITLE STATEMENT | |
| Title | Field methods in remote sensing |
| 260 ## - PUBLICATION, DISTRIBUTION, ETC. | |
| Place of publication, distribution, etc. | New York |
| Name of publisher, distributor, etc. | Guilford Press |
| Date of publication, distribution, etc. | 2005 |
| 300 ## - PHYSICAL DESCRIPTION | |
| Extent | xiii, 159p. |
| Dimensions | 23cm. |
| 350 ## - PRICE (NR) (BK AM CF MU VM SE) [OBSOLETE] | |
| Price | 17.99 |
| 520 ## - SUMMARY, ETC. | |
| Summary, etc. | Offers a concise guide to planning and carrying out field work associated with many different types of remote sensing projects, concentrating on the procedures followed. Covers: problems and objectives in remote sensing field work; sampling in the field; finding locations in the field; field spectroscopy; the collection of thematic data in the field; the measurement of vegetation, soil and other surface materials; water bodies and snow cover; and applying concepts of field work to urban projects. Appendices contain a select bibliography on field methods, field note forms and metadata online resources. |
| 590 ## - LOCAL NOTE (RLIN) | |
| Local note | IKA190505 |
| 690 ## - LOCAL SUBJECT ADDED ENTRY--TOPICAL TERM (OCLC, RLIN) | |
| Topical term or geographic name as entry element | ENVIRONMENTAL AND LAND CONSULTANCY-GEOMATICS-PHOTOGRAMMETRY AND REMOTE SENSING |
| 942 ## - ADDED ENTRY ELEMENTS (KOHA) | |
| Suppress in OPAC | 0 |
| Withdrawn status | Lost status | Source of classification or shelving scheme | Damaged status | Not for loan | Home library | Current library | Shelving location | Date acquired | Cost, normal purchase price | Total Checkouts | Full call number | Barcode | Date last seen | Date last checked out | Copy number | Cost, replacement price | Price effective from | Koha item type |
|---|---|---|---|---|---|---|---|---|---|---|---|---|---|---|---|---|---|---|
| Dewey Decimal Classification | London | London | Books | 04/05/2005 | 15.29 | 1 | 526.982 MCC | 30069865 | 06/08/2019 | 17/01/2006 | 1 | 15.29 | 06/08/2019 | Book |